| 000 | 00772cam a2200205 i 4500 | ||
|---|---|---|---|
| 005 | 20251230092358.0 | ||
| 008 | 250721r2010 sy gr 000 0 ara d | ||
| 020 | _a9789933402464 | ||
| 082 | 1 | 4 |
_a218.83 _bش ر ق |
| 100 | 1 |
_aالشرقاوي، نادية _eمؤلف. |
|
| 245 | 1 | 0 |
_aمنهج القرآن الكريم في الرد على المخالفين من اليهود والنصارى / _cتالبف الدكتورة نادية الشرقاوي. |
| 264 | 1 |
_aدمشق : _bصفحات للدراسات والنشر، _c2010. |
|
| 300 | _a216صفحة. | ||
| 650 | 1 | 7 | _aدفع المطاعن عن المرأة. |
| 650 | 1 | 7 | _aالإسلام. |
| 650 | 1 | 7 | _aاليهودية. |
| 650 | 1 | 7 | _aالمسيحية. |
| 942 |
_2ddc _cBK |
||
| 999 |
_c122298 _d122298 |
||